| 000 | 00376nam a22001457a 4500 | ||
|---|---|---|---|
| 003 | PILC | ||
| 005 | 20150112093448.0 | ||
| 008 | 131018t xxu||||| |||| 00| 0 eng d | ||
| 020 | _a1844792447 | ||
| 050 |
_aLB 2342 _b.H638 2005 |
||
| 245 | _aHigher national in business / | ||
| 260 |
_bPearson Custom Publishing . _xyz2005. |
||
| 300 |
_a258 pages : _c33 cm. |
||
| 942 |
_2lcc _cBK |
||
| 999 |
_c14998 _d14998 |
||